| 000 | 01534nam a2200373 a 4500 | ||
|---|---|---|---|
| 001 | ebr10541038 | ||
| 003 | CaPaEBR | ||
| 006 | m u | ||
| 007 | cr cn||||||||| | ||
| 008 | 120223s2012 enka sb 001 0 eng d | ||
| 010 | _z 2012004584 | ||
| 020 | _z9781409421337 | ||
| 020 | _z9781409421344 (e-book) | ||
| 040 |
_aCaPaEBR _cCaPaEBR |
||
| 035 | _a(OCoLC)781714092 | ||
| 050 | 1 | 4 |
_aG155.A1 _bE4287 2012eb |
| 082 | 0 | 4 |
_a306.4/819 _223 |
| 245 | 0 | 0 |
_aEmotion in motion _h[electronic resource] : _btourism, affect and transformation / _cedited by David Picard, Mike Robinson. |
| 260 |
_aFarnham, England ; _aBurlington, Vt. : _bAshgate Pub. Co., _c2012. |
||
| 300 |
_ax, 298 p. : _bill. |
||
| 490 | 1 | _aNew directions in tourism analysis | |
| 504 | _aIncludes bibliographical references and index. | ||
| 505 | 0 | _apt. 1. Emotions and inner journeys -- pt. 2. The emotions of attractions -- pt. 3. Institutionalizing emotions in tourism. | |
| 533 |
_aElectronic reproduction. _bPalo Alto, Calif. : _cebrary, _d2013. _nAvailable via World Wide Web. _nAccess may be limited to ebrary affiliated libraries. |
||
| 650 | 0 | _aTourism. | |
| 650 | 0 |
_aTourism _xSocial aspects. |
|
| 650 | 0 | _aEmotions. | |
| 655 | 7 |
_aElectronic books. _2local |
|
| 700 | 1 | _aPicard, David. | |
| 700 | 1 |
_aRobinson, Mike, _d1960- |
|
| 710 | 2 | _aebrary, Inc. | |
| 830 | 0 | _aNew directions in tourism analysis. | |
| 856 | 4 | 0 |
_uhttp://site.ebrary.com/lib/rucke/Doc?id=10541038 _zAn electronic book accessible through the World Wide Web; click to view |
| 999 |
_c135381 _d135381 |
||